Informačný systém na podporu logistických procesov bakalárska práca

Enregistré dans:
Détails bibliographiques
Auteur principal: Lovecká, Zuzana
Collectivité auteur: Fakulta hospodárskej informatiky EU. Katedra aplikovanej informatiky
Autres auteurs: Šedivý, Marián
Format: Livre
Langue:slovaque
Publié: Bratislava 2011
Tags: Ajouter un tag
Pas de tags, Soyez le premier à ajouter un tag!

MARC

LEADER 00000nbm a2200000 4500
001 0141295
005 20161109111747.8
041 0 |a slo 
044 |a SK 
245 1 0 |a Informačný systém na podporu logistických procesov  |b bakalárska práca  |c Zuzana Lovecká ; školiteľ: Marián Šedivý 
264 1 |a Bratislava  |c 2011 
300 |a 50 s. 
100 1 |a Lovecká, Zuzana 
700 1 |a Šedivý, Marián 
710 2 |a Fakulta hospodárskej informatiky EU. Katedra aplikovanej informatiky